| 000 | 01083nam a2200289Ia 4500 | ||
|---|---|---|---|
| 005 | 20220721151700.0 | ||
| 008 | 210716s2009 xx 000 0 und d | ||
| 020 | _a9788131723241 | ||
| 040 | _cAIMIT LIBRARY | ||
| 041 | _aeng | ||
| 082 |
_a006.34 _21 _bKARF |
||
| 100 |
_aKarray, Fakhreddine O _952363 |
||
| 245 |
_aSoft computing and intelligent systems design : _bTheory tools and applications / _cBy Fakhreddine O. Karray and Clarence De Silva |
||
| 250 | _a1st ed. | ||
| 260 |
_aNew Delhi : _bPearson Education , _c2009. |
||
| 300 |
_axxiv, 560p. ; _bPB : _c24.5 cm. |
||
| 650 |
_aFuzzy Logic and Fuzzy Control _952364 |
||
| 650 |
_aFundamentals of Fuzzy logic systems _952365 |
||
| 650 |
_aFuzzy Logic control _952366 |
||
| 650 |
_aFundamentals of artificial neural networks _952367 |
||
| 650 |
_aMajor classes of neural networks _952369 |
||
| 650 |
_aNeuro-fuzzy systems _952370 |
||
| 650 |
_aEvolutionary and soft computing _952371 |
||
| 650 |
_aApplications and case studies _952372 |
||
| 700 |
_aSilva, Clarence De. _952373 |
||
| 942 |
_2ddc _cBK _e1st _k006.34 KARF |
||
| 999 |
_c189802 _d189802 |
||